Catálogo
 En Linea

Especulaciones financieras, alimentos y petróleo en los mercados de futuro : (Registro nro. 49994)

Detalles MARC
000 -CABECERA
campo de control de longitud fija 00754nam a22002297a 4500
003 - IDENTIFICADOR DEL NÚMERO DE CONTROL
campo de control DO-SdBNP
005 - FECHA Y HORA DE LA ÚLTIMA TRANSACCIÓN
campo de control 20260305073957.0
007 - CAMPO FIJO DE DESCRIPCIÓN FÍSICA--INFORMACIÓN GENERAL
campo de control de longitud fija ta
008 - DATOS DE LONGITUD FIJA--INFORMACIÓN GENERAL
campo de control de longitud fija 210623e2011 dr ||||er|||| 00| 0 spa d
040 ## - FUENTE DE LA CATALOGACIÓN
Centro catalogador/agencia de origen DO-SdBNP
Lengua de catalogación spa
Centro/agencia transcriptor BNPHU
041 17 - CÓDIGO DE LENGUA
Código de lengua original eng
041 17 - CÓDIGO DE LENGUA
Código de lengua original fre
082 #4 - NÚMERO DE LA CLASIFICACIÓN DECIMAL DEWEY
Número de edición 22
Número de documento/Ítem F363e
100 1# - ENTRADA PRINCIPAL--NOMBRE DE PERSONA
Nombre de persona Fernández, Leonel,
Fechas asociadas al nombre 1953-
9 (RLIN) 7291
245 10 - MENCIÓN DE TÍTULO
Título Especulaciones financieras, alimentos y petróleo en los mercados de futuro :
Resto del título por un nuevo consenso internacional de estabilidad de precios /
Mención de responsabilidad, etc. Leonel Fernández
260 ## - PUBLICACIÓN, DISTRIBUCIÓN, ETC.
Lugar de publicación, distribución, etc. Santo Domingo :
Nombre del editor, distribuidor, etc. Presidencia de la República Dominicana,
Fecha de publicación, distribución, etc. 2011.
300 ## - DESCRIPCIÓN FÍSICA
Extensión 74 p. ;
Dimensiones 21 cm.
546 ## - NOTA DE LENGUA/LENGUAJE
Nota de lengua/lenguaje Libro traducido en inglés y francés.
590 ## - NOTA LOCAL (RLIN)
Nota local Inventariado, 2021/MF
910 ## - DATOS DE OPCIÓN DEL USUARIO (OCLC)
Datos de opción del usuario MF
942 ## - ELEMENTOS DE PUNTO DE ACCESO ADICIONAL (KOHA)
Fuente del sistema de clasificación o colocación Dewey Decimal Classification
Tipo de ítem Koha Libro
Existencias
Estado de retiro Estado de pérdida Fuente del sistema de clasificación o colocación No para préstamo Código de colección Localización permanente Ubicación/localización actual Ubicación en estantería Fecha de adquisición Fuente de adquisición Total de préstamos Signatura topográfica completa Código de barras Fecha visto por última vez Precio válido a partir de Tipo de ítem Koha
    Dewey Decimal Classification Excluido de préstamo Patrimonio Dominicano Biblioteca Nacional Pedro Henríquez Ureña Patrimonio Dominicano Depósito 23.07.2018 Donado / CERTV   BNPHU PD F363e 2021-2231 23.06.2021 23.06.2021 Libro y Folleto Colección Patrimonio Dominicano

Con tecnología Koha